| 000 | 00471nam a2200169Ia 4500 | ||
|---|---|---|---|
| 999 |
_c22256 _d22256 |
||
| 003 | OSt | ||
| 005 | 20200323141955.0 | ||
| 008 | 190216s9999||||xx |||||||||||||| ||und|| | ||
| 040 | _coclc | ||
| 082 |
_a297.22 _bTAK/F |
||
| 100 |
_aTakle, John _92184 |
||
| 245 | 4 |
_aThe Faith Of Islam / _cJohn Takle |
|
| 260 |
_bDeep&Deep Pub, _c1988. _aNewdelhi: |
||
| 300 | _a188p | ||
| 650 | _aIslamic History | ||
| 942 |
_cBK _2ddc _h297.22 _iTAK/F _k297.22 _mTAK/F |
||